24 Hours is all it takes/ (Record no. 200017)

MARC details
000 -LEADER
fixed length control field 00614nam a22002057a 4500
005 - DATE AND TIME OF LATEST TRANSACTION
control field 20240624125728.0
010 ## - LCCN (DPL NO)
LC control number ENG-140675
020 ## - INTERNATIONAL STANDARD BOOK NUMBER
International Standard Book Number 9789355433428
Terms of availability 299.00
035 ## - SYSTEM CONTROL NUMBER
System control number EN-124207
037 ## - SOURCE OF ACQUISITION
Source of stock number/acquisition DBAD
082 ## - DEWEY DECIMAL CLASSIFICATION NUMBER
Classification number 158.1
Edition number 1
100 ## - MAIN ENTRY--PERSONAL NAME
Personal name Risi, Vivian
245 ## - TITLE STATEMENT
Title 24 Hours is all it takes/
Statement of responsibility, etc Vivian Risi
250 ## - EDITION STATEMENT
Edition statement 1
260 ## - PUBLICATION, DISTRIBUTION, ETC. (IMPRINT)
Place of publication, distribution, etc Uttar Pradesh
Name of publisher, distributor, etc Manjul Publishing House
Date of publication, distribution, etc 2023
270 ## - ADDRESS
Address C-16, Sector Noida,
City Uttar Pradesh
Electronic mail address www.manjulindia.com
300 ## - PHYSICAL DESCRIPTION
Extent 193p.
Dimensions 22cm(pbk)
Other physical details Contents
700 ## - ADDED ENTRY--PERSONAL NAME
9 (RLIN) 60332
Personal name Jayapriya, S.
Relator term Editor
942 ## - ADDED ENTRY ELEMENTS (KOHA)
Source of classification or shelving scheme Dewey Decimal Classification
Item type English Books
Classification part 158.1
Call number suffix RIS
Edition 1
Holdings
Withdrawn status Lost status Not for loan Collection code Home library Current library Date acquired Source of acquisition Cost, normal purchase price Full call number Barcode Copy number Cost, replacement price Koha item type
      Non-fiction Central Library Central Library 24/06/2024 DBAD 299.00 158.1 RIS EN-124207 1 299.00 English Books

© Delhi Public Library
Hit Counter
free hit counter